<?xml version="1.0" encoding="UTF-8"?>
<record
    xmlns:xsi="http://www.w3.org/2001/XMLSchema-instance"
    xsi:schemaLocation="http://www.loc.gov/MARC21/slim http://www.loc.gov/standards/marcxml/schema/MARC21slim.xsd"
    xmlns="http://www.loc.gov/MARC21/slim">

  <leader>01568nam a2200265 a 4500</leader>
  <controlfield tag="001">80690</controlfield>
  <controlfield tag="003">BD-RjUL</controlfield>
  <controlfield tag="005">20230119114841.0</controlfield>
  <controlfield tag="008">221102s1999    bg ||||| m||| 00| 0 ben d</controlfield>
  <datafield tag="035" ind1=" " ind2=" ">
    <subfield code="a">(BD-RjUL)80690</subfield>
  </datafield>
  <datafield tag="040" ind1=" " ind2=" ">
    <subfield code="a">BD-RjUL</subfield>
    <subfield code="b">ben/eng</subfield>
    <subfield code="c">BD-RjUL</subfield>
    <subfield code="d">BD-RjUL</subfield>
  </datafield>
  <datafield tag="041" ind1=" " ind2=" ">
    <subfield code="a">ben</subfield>
  </datafield>
  <datafield tag="082" ind1=" " ind2=" ">
    <subfield code="2">23</subfield>
    <subfield code="a">304.895492101</subfield>
    <subfield code="b">HOD 1999</subfield>
  </datafield>
  <datafield tag="100" ind1=" " ind2=" ">
    <subfield code="a">&#x9B9;&#x9CB;&#x9B8;&#x9C7;&#x9A8;, &#x9AE;&#x9CB;: &#x995;&#x9BE;&#x9AE;&#x9B0;&#x9C1;&#x9B2;</subfield>
    <subfield code="9">5663</subfield>
  </datafield>
  <datafield tag="245" ind1="1" ind2="0">
    <subfield code="6">&#x997;&#x9AC;&#x9C7;&#x9B7;&#x9A3;&#x9BE;-&#x9A8;&#x9BF;&#x9B0;&#x9CD;&#x9A6;&#x9C7;&#x9B6;&#x995; :&#x9B0;&#x9B6;&#x9C0;&#x9A6;&#x9C1;&#x9B2; &#x986;&#x9B2;&#x9AE;</subfield>
    <subfield code="a">&#x9A2;&#x9BE;&#x995;&#x9BE; &#x995;&#x9C7;&#x9A8;&#x9CD;&#x9A6;&#x9CD;&#x9B0;&#x9BF;&#x995; &#x9AC;&#x9C1;&#x9A6;&#x9CD;&#x9A7;&#x9BF;&#x9B0; &#x9AE;&#x9C1;&#x995;&#x9CD;&#x9A4;&#x9BF; &#x986;&#x9A8;&#x9CD;&#x9A6;&#x9CB;&#x9B2;&#x9A8; :</subfield>
    <subfield code="b">&#x98F;&#x995;&#x99F;&#x9BF; &#x9A6;&#x9BE;&#x9B0;&#x9CD;&#x9B6;&#x9A8;&#x9BF;&#x995; &#x9B8;&#x9AE;&#x9C0;&#x995;&#x9CD;&#x9B7;&#x9BE; /</subfield>
    <subfield code="c">&#x9AE;&#x9CB;: &#x995;&#x9BE;&#x9AE;&#x9B0;&#x9C1;&#x9B2; &#x9B9;&#x9CB;&#x9B8;&#x9C7;&#x9A8;</subfield>
  </datafield>
  <datafield tag="246" ind1=" " ind2=" ">
    <subfield code="a">Dhaka Centered Buddhi Mukti Movement:</subfield>
    <subfield code="b">A Philosophical Survey /</subfield>
  </datafield>
  <datafield tag="260" ind1=" " ind2=" ">
    <subfield code="a">&#x9B0;&#x9BE;&#x99C;&#x9B6;&#x9BE;&#x9B9;&#x9C0; :</subfield>
    <subfield code="b">&#x9A6;&#x9B0;&#x9CD;&#x9B6;&#x9A8; &#x9AC;&#x9BF;&#x9AD;&#x9BE;&#x997;, &#x9B0;&#x9BE;&#x99C;&#x9B6;&#x9BE;&#x9B9;&#x9C0; &#x9AC;&#x9BF;&#x9B6;&#x9CD;&#x9AC;&#x9AC;&#x9BF;&#x9A6;&#x9CD;&#x9AF;&#x9BE;&#x9B2;&#x9AF;&#x9BC;,</subfield>
    <subfield code="c">&#x9E7;&#x9EF;&#x9EF;&#x9EF;</subfield>
  </datafield>
  <datafield tag="300" ind1=" " ind2=" ">
    <subfield code="a">[&#x9E8;], vii, &#x9E8;&#x9E8;&#x9E9; &#x9AA;&#x9BE;&#x9A4;&#x9BE; :</subfield>
    <subfield code="c">&#x9E8;&#x9EF; &#x9B8;&#x9C7;&#x9AE;&#x9BF;.</subfield>
  </datafield>
  <datafield tag="502" ind1=" " ind2=" ">
    <subfield code="a">&#x9A5;&#x9BF;&#x9B8;&#x9BF;&#x9B8; (&#x98F;&#x9AE;. &#x9AB;&#x9BF;&#x9B2;.)-- &#x9A6;&#x9B0;&#x9CD;&#x9B6;&#x9A8; &#x9AC;&#x9BF;&#x9AD;&#x9BE;&#x997;, &#x9B0;&#x9BE;&#x99C;&#x9B6;&#x9BE;&#x9B9;&#x9C0; &#x9AC;&#x9BF;&#x9B6;&#x9CD;&#x9AC;&#x9AC;&#x9BF;&#x9A6;&#x9CD;&#x9AF;&#x9BE;&#x9B2;&#x9AF;&#x9BC;,&#x9E7;&#x9EF;&#x9EF;&#x9EF;</subfield>
  </datafield>
  <datafield tag="504" ind1=" " ind2=" ">
    <subfield code="a">&#x997;&#x9CD;&#x9B0;&#x9A8;&#x9CD;&#x9A5;&#x9AA;&#x99E;&#x9CD;&#x99C;&#x9BF;: &#x9AA;&#x9BE;&#x9A4;&#x9BE; &#x9E8;&#x9E7;&#x9EE;-&#x9E8;&#x9E8;&#x9E9;</subfield>
  </datafield>
  <datafield tag="650" ind1=" " ind2=" ">
    <subfield code="a">&#x9AE;&#x9C1;&#x995;&#x9CD;&#x9A4;&#x9BF; &#x986;&#x9A8;&#x9CD;&#x9A6;&#x9CB;&#x9B2;&#x9A8;</subfield>
    <subfield code="x">&#x9AA;&#x9BE;&#x995;&#x9BF;&#x9B8;&#x9CD;&#x9A4;&#x9BE;&#x9A8; &#x98F;&#x9AC;&#x982; &#x9AC;&#x9BE;&#x982;&#x9B2;&#x9BE;&#x9A6;&#x9C7;&#x9B6;</subfield>
    <subfield code="9">5664</subfield>
  </datafield>
  <datafield tag="650" ind1=" " ind2=" ">
    <subfield code="a">Liberation Movement</subfield>
    <subfield code="x">Pakistan and Bangladesh</subfield>
    <subfield code="9">5665</subfield>
  </datafield>
  <datafield tag="700" ind1=" " ind2=" ">
    <subfield code="a">&#x986;&#x9B2;&#x9AE;, &#x9B0;&#x9B6;&#x9C0;&#x9A6;&#x9C1;&#x9B2;, &#x997;&#x9AC;&#x9C7;&#x9B7;&#x9A3;&#x9BE;-&#x9A8;&#x9BF;&#x9B0;&#x9CD;&#x9A6;&#x9C7;&#x9B6;&#x995;  </subfield>
    <subfield code="9">5666</subfield>
  </datafield>
  <datafield tag="942" ind1=" " ind2=" ">
    <subfield code="2">ddc</subfield>
    <subfield code="c">THE</subfield>
  </datafield>
  <datafield tag="999" ind1=" " ind2=" ">
    <subfield code="c">80690</subfield>
    <subfield code="d">80690</subfield>
  </datafield>
  <datafield tag="952" ind1=" " ind2=" ">
    <subfield code="1">0</subfield>
    <subfield code="2">ddc</subfield>
    <subfield code="4">0</subfield>
    <subfield code="7">1</subfield>
    <subfield code="8">THESES</subfield>
    <subfield code="a">RUCL</subfield>
    <subfield code="b">RUCL</subfield>
    <subfield code="c">Doc/The</subfield>
    <subfield code="d">2002-10-01</subfield>
    <subfield code="e">Controller of Exam. R.U.</subfield>
    <subfield code="o">BTHE 304.895492101 HOD 1999</subfield>
    <subfield code="p">D2101</subfield>
    <subfield code="r">2022-11-02 00:00:00</subfield>
    <subfield code="t">C-1</subfield>
    <subfield code="y">THE</subfield>
  </datafield>
</record>
